[Event "RUS-ch sf 58th"]
[Site "Kazan"]
[Date "2005.09.09"]
[Round "7"]
[White "Bezgodov, Alexei"]
[Black "Dvoirys, Semen I"]
[Result "0-1"]
[WhiteElo "2548"]
[BlackElo "2589"]
[Annotator "Ftacnik,L"]
[PlyCount "72"]
[EventDate "2005.09.03"]
[EventType "swiss"]
[EventRounds "9"]
[EventCountry "RUS"]
[SourceTitle "CBM 109"]
[Source "ChessBase"]
[SourceDate "2005.11.14"]
[SourceVersion "1"]
[SourceVersionDate "2005.11.14"]
[SourceQuality "1"]

1. e4 c5 2. Nf3 d6 3. d4 cxd4 4. Nxd4 Nf6 5. Nc3 a6 6. Bc4 e6 7. Bb3 Nbd7 8.
Bg5 Nc5 9. f4 Be7 10. Qf3 h6 11. Bh4 Qc7 (11... Qa5 12. O-O Bd7 13. Rae1 O-O
14. e5 Qb4 15. Rd1 dxe5 16. fxe5 Nxb3 17. cxb3 Bc5 18. exf6 Bxd4+ 19. Kh1 Be5
20. fxg7 Bxg7 21. Bf6 {1-0 Vaccani,A (2100)-Mrdja,M (2440)/Ragusa 1989/}) (
11... g5 12. fxg5 Nfd7 (12... hxg5 13. Bxg5 Nfd7 14. Bxe7 Qxe7 15. O-O-O Ne5
16. Qe3 Bd7 17. Nf3 O-O-O 18. Qf4 Rdg8 19. Nxe5 dxe5 20. Qxe5 Qg5+ 21. Qxg5
Rxg5 {1/2-1/2 Papa,S (2372)-Rashkovsky,N (2510)/Biel 2003/ (34)}) 13. O-O Ne5
14. Qh5 Bxg5 15. Bg3 Be3+ 16. Kh1 Qg5 17. Qd1 Qd8 18. Nf3 Qc7 19. Qe2 Bg5 20.
Rad1 {1/2-1/2 Bezemer,A (2320)-Sutovsky,E (2658)/Amsterdam 2002/ (44)}) 12.
O-O-O (12. O-O Nfxe4 13. Bxe7 Nd2 14. Qg4 Qxe7 15. Qxg7 Qf8 $11) (12. f5 $5 e5
13. Bxf6 Bxf6 14. Nde2 $14) 12... Nfxe4 $1 {Dvoirys shows, that black can find
courage for the original solution in the center. The risk lays in the fact,
that white is much better developed for the tactical battle.} 13. Nxe4 (13.
Bxe7 $5 Nxc3 14. Bxd6 Qxd6 15. Qxc3 Qxf4+ 16. Kb1 Nxb3 17. Nxb3 O-O 18. g3 Qf5
$13) 13... Bxh4 14. f5 $6 (14. Nxc5 $5 Qxc5 (14... dxc5 15. Nxe6 Bxe6 16. Bxe6
fxe6 17. Qh5+ Qf7 18. Qxh4 O-O $11) 15. f5 e5 $15) 14... Nxb3+ 15. axb3 (15.
Nxb3 d5 16. Nec5 O-O $17) 15... d5 16. fxe6 $5 {It is very difficult to assign
the value to this courageous decision. Bezgodov refused to suffer in the
position without a pawn a single white bishop.} (16. Nc3 O-O 17. Qg4 Bf6 18.
Rhe1 Qd6 $17) 16... dxe4 (16... O-O 17. Qg4 Bd8 18. Nc3 Bg5+ 19. Kb1 fxe6 20.
Nxe6 Qd6 21. Rhe1 Re8 $19) 17. exf7+ Kf8 (17... Qxf7 18. Qxe4+ Qe7 (18... Be7
19. Rhf1 Qh5 20. Nc6 $18) 19. Qg6+ Kf8 20. Nf3 Bf6 21. Rhe1 Be6 22. Nd4 Bf7 $19
) 18. Qxe4 Qe7 19. Qf3 (19. Qxe7+ Kxe7 20. Nf3 Bf6 $19) (19. Qd3 Bg4 20. Rdf1
Bf6 21. Kb1 Qd6 22. c3 Kxf7 $19) 19... Qxf7 20. Qd3 Bf6 21. Rde1 {
Unfortunatelly for white his compensation is rather foggy, since once black
manages to organize his forces the game will be over.} (21. Rhf1 Kg8 $19) 21...
h5 (21... g6 22. h4 Kg7 23. h5 Rd8 24. hxg6 Qd5 25. c3 Qg5+ $19) 22. Rhf1 Rh6 (
22... h4 23. c3 Kg8 $19) 23. Kb1 Kg8 24. Nf3 Qd7 25. Qc4+ Kh7 26. Qe4+ Rg6 $1 {
Surely black must be sensible, since in case of the mechanic 26...g6? it would
have been white enjoying the triumph.} (26... g6 $2 27. Qf4 $1 Qd8 (27... Bg7
28. Ng5+ Kg8 29. Qe4 $18) 28. Ng5+ Kg7 29. Re6 $18) 27. Ne5 Bxe5 28. Qxe5 Qb5
$1 29. Rf8 (29. g3 Bg4 $19) 29... Rg5 (29... Qxe5 30. Rxe5 h4 31. Ree8 Rc6 32.
Rh8+ Kg6 33. Rxh4 Ra7 34. Rc4 Bf5 $19) 30. Qe7 (30. Qxb5 axb5 31. Ree8 Rxg2 32.
c3 Bf5+ $19) (30. Qe8 Qxe8 31. Rexe8 Rc5 $19) 30... Rf5 31. Rd8 (31. g4 $5 Rxf8
32. Qxf8 Qg5 $17) 31... Qc6 32. Red1 (32. Qe8 Qxe8 33. Rexe8 Rc5 $19) 32... Rf2
33. Rc1 (33. R1d2 Rxd2 34. Rxd2 Bf5 $19) 33... Bf5 $1 {Finally black pieces
are springing to life with a truly devastating effect.} 34. Rxa8 Bxc2+ 35. Ka1
(35. Ka2 Bxb3+ 36. Kxb3 (36. Kb1 Qa4 37. Qa3 Qe4+ 38. Ka1 Qc2 39. Rc8 Qxc8 $19)
36... Qb5+ 37. Qb4 Rxb2+ 38. Kxb2 Qxb4+ $19) 35... Bxb3 36. Re1 Rf4 0-1

[Event "Dortmund SuperGM 38th"]
[Site "Dortmund"]
[Date "2010.07.15"]
[Round "1"]
[White "Naiditsch, Arkadij"]
[Black "Mamedyarov, Shakhriyar"]
[Result "0-1"]
[WhiteElo "2684"]
[BlackElo "2761"]
[Annotator "Ftacnik,L"]
[PlyCount "94"]
[EventDate "2010.07.15"]
[EventType "tourn"]
[EventRounds "10"]
[EventCountry "GER"]
[EventCategory "20"]
[SourceTitle "CBM 138"]
[Source "ChessBase"]
[SourceDate "2010.09.17"]
[SourceVersion "1"]
[SourceVersionDate "2010.09.17"]
[SourceQuality "1"]

1. e4 c5 2. Nf3 d6 3. d4 cxd4 4. Nxd4 Nf6 5. Nc3 a6 6. Bc4 e6 7. Bb3 Nbd7 8. f4
Nc5 9. O-O Nfxe4 $5 {A fascinating decision at a moment, when White is better
developed. Mamedyarov is trying to prove that the ambitious setup of enemy
pieces has a drawback. White is so much ahead in the development of his pieces,
that this daring move can be played only with excellent knowledge of the
theoretical lines.} 10. Nxe4 Nxe4 11. f5 e5 12. Qh5 d5 {Black has to play with
ambition in the centre. The pawn advance frees the f8-bishop and supports the
centralised knight.} (12... Qe7 $2 13. Qf3 Nc5 14. Nc6 $1 {Topalov,V-Kasparov,
G/Amstedam VSB (01)/1996 (1-0)}) 13. Re1 Bc5 (13... exd4 $4 14. Rxe4+) 14. Rxe4
Bxd4+ {What seems to be very interesting is the option of postponing the
elimination of the white knight with immediate castling. White has to play
well to keep the balance on the board.} (14... O-O $5 15. Rg4 $1 (15. Bg5 $2
Qb6 16. Bxd5 Bxd4+ 17. Kh1 Bxf5) (15. Rh4 Bxf5 $1 16. Be3 Bg6 $17) 15... Bxd4+
16. Kh1 e4 17. Bh6 (17. Bf4 Re8 18. c3 Bf6 $17) 17... Kh8 18. Rd1 Bxb2 $5 (
18... g6 19. Qh3 Bg7 (19... gxf5 20. Rf4 Bxb2 21. Bxf8 Qxf8 22. Bxd5 $14) 20.
Rh4 (20. Rf1 Qf6 21. Bg5 Qb6 22. f6 h5 $13) 20... Qf6 21. g4 (21. Be3 Bxf5 22.
Rxh7+ Kg8 23. g4 Be6 24. Bd4 Qxd4 25. Rxd4 Bxd4 $11) 21... gxf5 22. g5 Qg6 23.
Qe3 (23. Bxg7+ Qxg7 24. Bxd5 Rd8 25. g6 fxg6 26. Rxh7+ Qxh7 27. Qc3+ Qg7 28.
Qh3+ $11) 23... Be6 24. Bxd5 Bxd5 25. Rxd5 Rad8 26. c4 Rxd5 27. cxd5 Re8 $17 {
1/2-1/2 Both,E-Werner,D (2157)/Berlin 2004 (45)}) 19. Rxd5 Qb6 20. Bf4 Bf6 (
20... Qf2 $1 21. h3 Bf6 (21... Qf1+ $2 22. Kh2 Bf6 23. Bd6 g6 24. Rxg6 Bxf5 25.
Rxf6 Rg8 26. Rd2 $18) 22. Bd6 g6 $11) 21. Bd6 Qf2 $1 (21... Re8 22. Bg3 Qe3 23.
h3 Rf8 24. Be5 $1 $16) 22. h3 g6 $11 23. Rxg6 Bxf5 $1 (23... Rg8 $2 {It is a
pity for Black, that he missed simple drawing combination with the sacrifice
of the f6 bishop.} 24. Rxg8+ Kxg8 25. Rd1 {1-0 Megaranto,S (2530)-Konguvel,P 
(2390)/Hyderabad 2005}) 24. Rxf6 (24. Rg3 Bg6 $17) 24... Rg8 25. g4 Qf1+ 26.
Kh2 Qf2+ $11) 15. Kh1 {The first player has an ample choice at this moment. A
sacrifice of the exchange on the d4-square seems to be quite attractive, while
the score after 15.Be3 has not been promising at all.} (15. Rxd4 $5 Qb6 (15...
exd4 $2 16. Bg5) 16. c3 (16. Ba4+ Kf8 17. Be3 exd4 18. Bf4 (18. Bf2 Qf6 19. Re1
Bxf5 20. Bh4 Qg6 21. Be7+ Kg8 22. Qh4 Be4 $19 {1/2-1/2 Komjagina,M (2313)
-Lomako,A (2193)/Sochi 2004 (72)}) 18... d3+ 19. Kh1 Qb4 20. Be5 h6 21. Bb3 Qe4
22. f6 gxf6 23. Bxf6 d2 24. h3 Qe1+ 25. Kh2 Rg8 26. Qxd5 Qg3+ {1/2-1/2 Nuesken,
N-Hoffmann,H (2300)/Germany 2003}) 16... exd4 17. Qe2+ Kf8 18. Qe5 (18. Qf2 $44
) 18... Qf6 19. Qxd5 h6 20. Bf4 Bxf5 21. Be5 Qg6 22. Rf1 Kg8 23. Rf3 Be4 24.
Qxf7+ Kh7 25. Rg3 Qxf7 26. Bxf7 Rhg8 27. cxd4 $14 {1/2-1/2 Dembo,Y (2465)
-Prentos,K (2258)/Ermioni 2006 (46)}) (15. Be3 O-O 16. Rxd4 exd4 17. Bxd4 f6
18. Bc5 $2 (18. Qf3 Kh8 19. Bxd5 Qc7 20. c3 Bd7 21. Bxb7 Rab8 22. Bxa6 Rxb2 23.
Bd3 Re8 24. Qg3 Qxg3 25. hxg3 Bc6 26. Bf1 Ra8 $15 {0-1 Tatar Kis,S (2412)
-Likavsky,T (2470)/Salgatarjan 2003 (45)}) 18... Re8 19. Rd1 Kh8 20. Rxd5 (20.
Bxd5 Bd7 21. b4 $5 (21. Bxb7 $2 Qc7 22. Bxa8 Qxc5+ 23. Kh1 Qe7 $19) (21. Rd3 {
/\ 22.Q:h7+!} h6 $1 22. Bxb7 $2 Qc7 23. Bxa8 Qxc5+ $19) 21... Qc7 $17) 20...
Bd7 (20... Re1+ $2 21. Kf2 Qe8 22. Qxe8+ Rxe8 23. Bb6) 21. h3 (21. Rd3 h6 22.
Be3 Qa5 23. Qd1 Bxf5 24. Rd5 Rad8 $17 {0-1 Petrik,T (2362)-Likavsky,T (2427)/
Tatranske Zruby 2002 (35)}) 21... Re5 22. Rxe5 fxe5 23. Bf7 Be8 (23... Qc8) 24.
Bg6 h6 25. Bxe8 Qxe8 26. Qxe8+ Rxe8 27. Bd6 Rd8 28. Bxe5 Rd5 29. Bc3 Rxf5 $17 {
0-1 Topalov,V (2700)-Short,N (2665)/Amsterdam 1996/ (46)}) 15... Qf6 $1 {
[%mdl 4] The key move of the whole line is better than the older idea of 15...
Qd7.} (15... Qd7 16. Re1 (16. Re2 Qxf5 17. Qxf5 Bxf5 18. c3 Ba7 19. Rxe5+ Be6
20. Bxd5 Rd8 21. c4 h6 22. Be3 Bxe3 23. Rxe3 O-O 24. Bxe6 fxe6 25. Rxe6 Rd2 26.
b3 Rxa2 27. Rg1 $11 {1/2-1/2 Mueller,F-List,J/Germany 1997 (40)}) 16... O-O 17.
c3 Bc5 18. Rxe5 Re8 19. Rxe8+ Qxe8 20. Bd2 Qc6 (20... Qd7 21. Re1 b6 22. f6 Bb7
23. fxg7 Re8 24. Rxe8+ Qxe8 25. Bc2 Kxg7 26. Qh6+ Kg8 27. Bxh7+ Kh8 28. Bf5+
Kg8 29. Qh7+ Kf8 30. Qh8+ {1-0 De Bortoli,P (2205)-Mazzilli,P (2115)/Italy 1998
}) 21. Re1 Bd7 22. Qf3 d4 23. Bd5 Qb6 24. cxd4 Qxb2 25. Bc3 {1-0 Stanciu,
T-Kavalek,L/Sinaia 1965}) (15... O-O 16. Rh4 Bxf5 17. Rxd4 g6 18. Rg4 Kh8 19.
Qh4 Bxg4 20. Qxg4 $14) 16. Re1 {Naiditsch is well prepared and thus eager to
avoid the simplifying line 16.Bxd5 that is rather easy on the defender.} (16.
Bxd5 Qxf5 17. Qe2 O-O 18. c3 Qd7 19. Bb3 Bc5 20. Rxe5 Bd6 21. Re4 Qc7 22. Qh5
Qc5 23. Qxc5 Bxc5 24. Be3 Bf5 25. Re5 Bxe3 26. Rxf5 Rae8 $11 {1/2-1/2 Zjablov,
A-Doroshkievich,V (2380)/Orel 1996 (42)}) 16... Bxf5 (16... O-O 17. c3 Bc5 18.
Rf1 Be7 19. Bxd5 Rb8 20. Be3 Bd7 21. Rae1 Bc6 22. Bxc6 Qxc6 23. Bf4 f6 24. Bc1
Rfc8 25. Rf3 Qe8 26. Qh4 $11 {1-0 Doghri,N (2305)-Docx,S (2275)/Cannes 1997 
(50)}) (16... g6 17. Qh6 e4 (17... Bxf5 18. Bg5 Qd6 19. c3 Bc5 20. Rad1 $18)
18. Bxd5 Bxf5 19. Bxb7 Ra7 20. Bxe4 Re7 21. Bg5 Bxe4 22. Bxf6 Bxf6 {1-0
Ghassan,H (2013)-Issa,K/Beirut 2007}) 17. c3 Ba7 18. Bxd5 (18. Bf4 e4 19. Bxd5
O-O 20. Bxe4 Bxe4 21. Rxe4 Rae8 $11) 18... O-O 19. Rf1 $2 {White loses heart
in the critical moment with a circumspect simplification, that costs a lot of
time. We have all been taught in chess school that mobilisation of pieces
should be the most promising idea.} (19. Bg5 $5 Qd6 (19... Qb6 20. Be7 g6 21.
Qh6 $16) 20. Rad1 Bg6 21. Qe2 Qb6 22. Qxe5 Qxb2 23. Rd2 Qb6 $11) 19... Qd6 20.
Rxf5 (20. Bxb7 Bg6 21. Qd1 Rad8 22. Qxd6 Rxd6 $17) 20... Qxd5 21. Rxe5 {
Please note the effort that white rook has made from the start. It has moved 7
times - a full 33% percent of the moves played so far.} Rae8 $1 {A beautiful
idea, that turns the tables as Black will be ahead in development!} 22. Bf4 (
22. Rxd5 $2 Re1#) 22... Rxe5 23. Qxe5 Qxe5 24. Bxe5 f6 25. Bc7 (25. Bg3 Rd8 26.
h3 Rd2 $17) 25... Re8 26. Rd1 {Defending this extremely difficult ending is
not an enviable task} (26. h3 Re2 27. Rb1 Kf7 28. Kh2 g5 $17) 26... Re2 27. b3
Rxa2 28. g3 Ra3 (28... Rb2 29. b4 Bf2 $17) 29. Rb1 h5 30. Bd6 Ra2 31. Re1 Rd2
32. Bb8 {All rook endgames are (hopefully) drawn or at least the weaker party
has some chances of survival.} (32. Re8+ Kh7 33. Ra8 Be3 34. Re8 Rd3 $17) 32...
Bxb8 (32... Bc5 33. b4 Bf8 $17) 33. Re8+ Kf7 34. Rxb8 Rd7 35. Kg2 Ke6 36. Kf3
Kf5 37. h3 $6 {Part of the struggle in chess is about weaknesses. Naiditsch is
making the technical task easier for Black.} (37. Rc8 $5 g5 38. Rc5+ Kg6 $17)
37... Rd3+ 38. Kf2 b5 (38... h4 39. gxh4 b5 40. Kg2 Rxc3 $19) 39. Rc8 h4 $1 40.
gxh4 Rxh3 {The defender has too many weak pawns and simplification will lead
to a hopeless endgame.} 41. Rc7 Kg6 42. Rc6 (42. b4 Rxh4 43. Rc6 Rh2+ 44. Kf3
Rc2 $19) 42... b4 $1 43. cxb4 Rxh4 44. Rb6 (44. Rxa6 Rxb4 45. Ra3 Kf5 $19)
44... Re4 45. Kf3 Kf5 46. Rb7 g5 47. b5 a5 $1 {The final precise idea, since
White will end up fighting with his rook on a very awkward square.} (47... a5
$1 48. Ra7 Rb4 49. Rxa5 Rxb3+ 50. Ke2 g4 $19) 0-1

[Event "United Insurance 4th"]
[Site "Dhaka"]
[Date "1999.03.02"]
[Round "12"]
[White "Reefat, Bin Sattar"]
[Black "Neelotpal, Das"]
[Result "1/2-1/2"]
[WhiteElo "2354"]
[BlackElo "2436"]
[Annotator "Ftacnik,L"]
[PlyCount "120"]
[EventDate "1999.02.19"]
[EventType "tourn"]
[EventRounds "13"]
[EventCountry "BAN"]
[EventCategory "10"]
[SourceTitle "CBM 070"]
[Source "ChessBase"]
[SourceDate "1999.06.08"]
[SourceVersion "1"]
[SourceVersionDate "1999.06.08"]
[SourceQuality "1"]

1. e4 c5 2. Nf3 d6 3. d4 cxd4 4. Nxd4 Nf6 5. Nc3 e6 6. Bc4 Be7 7. Be3 O-O 8.
Qe2 d5 9. exd5 exd5 10. Bb3 Nc6 (10... Bb4 11. O-O (11. O-O-O $5 Bxc3 12. bxc3
Qa5 (12... Qe7 $5 $13) 13. c4 $1 Nc6 (13... Ne4 $5 14. Qe1 Qa3+ 15. Kb1 dxc4
16. Bc1 Qc5 17. Qxe4 cxb3 18. axb3 $14) 14. Nxc6 bxc6 15. Bd4 $1 Re8 16. Qd2
Qxd2+ 17. Rxd2 $14 {1-0 Nisipeanu,L-Suba,M/ROM/1997/ (60)}) 11... Nc6 (11...
Bxc3 12. bxc3 Qa5 (12... Re8 $11) 13. c4 dxc4 14. Qxc4 Nbd7 15. Nf3 b6 16. Rfe1
Bb7 17. Bd2 Qh5 18. Qf4 Bxf3 19. gxf3 Rfe8 20. Rxe8+ Rxe8 21. Re1 Rxe1+ 22.
Bxe1 Qe5 23. Qe3 h6 {1/2-1/2 Kotz,H-Brod,M/AUT 1994/ (23)}) (11... Re8 12. Qf3
Bg4 13. Qg3 Bh5 14. Bg5 Bxc3 15. Qxc3 Nbd7 16. Rfe1 Rc8 17. Qb4 Qb6 18. Qxb6
Nxb6 19. Bxf6 gxf6 20. f4 Bg4 21. Kf2 {1-0 Szmetan,J-Grinberg,R/Buenos Aires/
1975/ (41)}) 12. Rad1 (12. h3 Qa5 13. Ncb5 Re8 14. Rad1 a6 15. Nxc6 bxc6 16.
Nd4 Bd7 17. Qf3 Bf8 18. Nf5 Ne4 19. c4 Bxf5 20. Qxf5 Nd6 21. Qg5 {1-0 Berndt,
S-Espig,L/Bad Woerishofen 1995/ (46)}) 12... Re8 13. Qb5 Bxc3 14. bxc3 Bg4 15.
Rde1 Qd7 16. Ba4 Ne4 17. Qb2 Nd6 18. Rb1 {1/2-1/2 Almasi,I-Horvath,G/HUN 1993/
(18)}) (10... Re8 11. O-O-O Nc6 12. Nf3 (12. Ndb5 Bg4 13. f3 Bc5 14. Nxd5 Nxd5
15. Rxd5 Bxe3+ 16. Kb1 Qf6 17. fxg4 Bc1 18. Qxe8+ Rxe8 19. Rxc1 Re5 {1/2-1/2
Dzindzichashvili,R-Frias,V/Lone Pine 1981/ (19)}) 12... Be6 13. h3 Qa5 14. Kb1
Bc5 15. Bxc5 Qxc5 16. Qb5 Qxf2 17. Rd2 Qg3 18. Qxb7 Rec8 19. Qb5 Ne4 20. Nxe4
dxe4 21. Bxe6 fxe6 22. Qg5 Qc7 23. Nd4 Nxd4 24. Rxd4 Qxc2+ 25. Ka1 {1/2-1/2
D'Adamo,E-Webb,S/olm10 corr8291 1982/ (36)}) 11. a3 (11. O-O-O Na5 (11... Bb4
12. Qb5 (12. Ndb5 Be6 13. Bg5 a6 14. Bxd5 axb5 15. Bxe6 Nd4 16. Qe5 Bxc3 17.
bxc3 fxe6 18. Rxd4 Qc8 19. Bxf6 Rxf6 20. Rhd1 {1-0 Zapolskis,A-Espig,L/Bad
Woerishofen/1990/ (52)}) 12... Bxc3 13. Nxc6 bxc6 14. Qxc6 Bxb2+ 15. Kxb2 Be6
16. Bc5 Re8 17. f3 a5 18. a4 Bd7 19. Qd6 Rb8 20. Ka2 Re2 21. Rhe1 Rxg2 22. Rg1
{1-0 Speck,N-Canfell,G/Sydney 1992/ (32)}) 12. f3 Nxb3+ 13. Nxb3 b6 14. Qb5 Be6
15. Nd4 Qc7 16. g3 Rac8 17. Qd3 Rfe8 18. Rhe1 Bb4 19. Ndb5 Qd7 20. g4 {1-0
Paraminski,A-Poljak,S/Porec 1998/ (59)}) (11. O-O Re8 12. Qb5 Nb4 13. h3 (13.
Bg5 Bd7 14. Qxb7 Rb8 15. Qxa7 Ra8 16. Qb7 Rb8 17. Qa7 {1/2-1/2 Zamora,
J-Yermolinsky,A/Chandler/1997/ (17)}) 13... a6 14. Qe2 h6 15. Qf3 Be6 16. Rad1
Rc8 17. Nf5 Bf8 18. Bd4 Ne4 19. Ne3 Ng5 20. Qg3 Bd6 21. Be5 Bxe5 22. Qxe5 Bg4
23. Qf4 Bxd1 {0-1 Szmetan,J-Minaya,J/Bogota 1978/ (57)}) 11... Qa5 12. O-O a6
13. Rad1 Re8 14. Rfe1 Bg4 15. f3 Be6 (15... Nxd4 16. Bxd4 Bc5 17. Qf2 Rxe1+ 18.
Rxe1 Bxd4 19. Qxd4 Be6 $14) 16. Qf2 Qc7 {White should be able to benefit from
his well concentrated pieces and vulnerable d5 pawn.} 17. Nde2 (17. Nxe6 $5
fxe6 18. Bb6 Qd7 19. Ne4 $16) 17... Bd6 18. g3 Ne5 (18... Be5 $5 19. Bg5 d4 20.
Bxf6 Bxf6 21. Bxe6 Rxe6 22. Nd5 Qd8 23. Nef4 Rxe1+ 24. Rxe1 Be5 $11) 19. Nf4 (
19. Nxd5 Nxd5 20. Bxd5 Bxd5 21. Rxd5 Rad8 22. Nf4 Nc4 $14) 19... Bxa3 $5 20.
Bb6 (20. bxa3 Qxc3 21. Ne2 Qa5 $15) (20. Nxe6 $5 fxe6 21. Nxd5 Nxd5 22. bxa3
$14) 20... Nxf3+ 21. Kh1 (21. Qxf3 $2 Qxb6+ 22. Kh1 Bg4 $19) 21... Bc5 {
The tactics becomes a bit messy, black hopes to survive with rook and pawns
for two light pieces.} (21... Ng4 22. Qxf3 Qxb6 23. bxa3 Nf2+ 24. Kg2 Nxd1 25.
Rxd1 $14) 22. Rxe6 (22. Bxc5 Nxe1 23. Rxe1 d4 24. Bxd4 Qc6+ 25. Qg2 Bxb3 $13) (
22. Qxc5 Qxc5 23. Bxc5 Nxe1 24. Rxe1 d4 $1 $17) 22... fxe6 (22... Bxf2 23.
Rxe8+ Rxe8 24. Bxc7 $18) 23. Qxc5 Qxc5 24. Bxc5 Rac8 25. Ba7 (25. Ba3 Kf7 $15)
25... Ne5 $6 {Wrong idea, since black's pawn structure will now crumble.} (
25... Kf7 26. Kg2 Ne5 $15) 26. Re1 Nc4 (26... Nc6 27. Bf2 Na5 28. Rxe6 Rxe6 29.
Nxe6 Nxb3 30. cxb3 $14) (26... Nfd7 27. Nxe6 Rxe6 28. Bxd5 Kf7 29. Bd4 Ke7 $11)
27. Rxe6 (27. Bxc4 $2 Rxc4 28. Rxe6 Rxe6 29. Nxe6 b6 $1 $17) 27... Rxe6 28.
Nxe6 Nxb2 (28... Kf7 29. Nf4 Nxb2 30. Ncxd5 $14) 29. Nxd5 Nxd5 30. Bxd5 {
Suddenly white enjoys advantage with all his active pieces.} Kf7 31. c4 $6 (31.
Nc5+ $5 Kf6 32. Bxb7 Rd8 33. Nb3 $16) 31... a5 (31... Nxc4 $2 32. Nc5+ Ke7 33.
Bxc4 b5 34. Bd5 Kd6 35. Bb7 Rxc5 36. Bxc5+ Kxc5 37. Bxa6 $18) 32. Bd4 (32. Bc5
a4 33. Kg2 $14) 32... Nxc4 33. Nd8+ (33. Nc5+ Ke7 34. Bxb7 (34. Bxc4 b6 $15)
34... Rc7 $13) 33... Kg6 (33... Ke7 34. Nxb7 Rc7 35. Kg2 $14 (35. Bxg7 $4 Ne3
$19)) 34. Bf7+ Kf5 (34... Kh6 $2 35. Ne6 $18) 35. Nxb7 (35. Be6+ Ke4 36. Bxc8
Kxd4 37. Nxb7 a4 38. Bf5 a3 39. Bb1 $14) 35... Rc7 36. Bd5 (36. Bxc4 Rxb7 (
36... Rxc4 $2 37. Nd6+ $18) 37. Bd3+ Ke6 38. Bxh7 a4) 36... Rd7 37. Bxc4 Rxb7 {
Black is now safe and dry, since the a pawn promises excellent counterplay
despite the strength of the bishop's pair.} (37... Rxd4 38. Nxa5 $14) 38. Bd3+
Ke6 39. Bxh7 a4 40. Bg8+ Kf5 41. Kg2 a3 42. Kf3 g5 $6 (42... Rd7 43. Ke3 (43.
g4+ Kg5 44. Be5 Rd3+ 45. Ke4 Rd8 46. Be6 Re8 $11) 43... Re7+ 44. Kd3 Kg4 45.
Bc5 Re8 46. Bd5 Rh8 47. Bxa3 Rxh2 48. Bd6 $14) 43. g4+ Kg6 44. Bd5 Rd7 45. Ke4
Rh7 46. Be5 (46. Bc5 Rxh2 47. Bxa3 Rg2 48. Kf3 Rd2 $14) 46... Ra7 47. Ba2 Rb7
48. Kd5 Rb5+ 49. Ke6 Rb4 50. h3 Ra4 51. Bb1+ (51. Kd6 Ra6+ 52. Kc7 Ra5 53. Bd6
Ra6 54. Bc5 Kf6 55. Kb7 Ra4 56. Kc6 Re4 57. Bxa3 Re3 58. Bb2+ Kg6 $14) 51...
Kh6 52. Bd6 Kg7 (52... a2 $4 53. Bf8#) 53. Be5+ Kh6 (53... Kg8 54. Kf6 a2 55.
Bxa2+ Rxa2 56. Kxg5 $11) 54. Bd6 Kg7 55. Kf5 (55. Ba2 Kg6 $14) 55... a2 56.
Bxa2 Rxa2 57. Kxg5 Ra5+ 58. Kf4 Kg6 59. h4 Ra4+ 60. Kf3 Ra5 (60... Ra5 61. h5+
Rxh5 $11) 1/2-1/2

[Event "Dortmund SuperGM 31st"]
[Site "Dortmund"]
[Date "2003.08.04"]
[Round "5"]
[White "Naiditsch, Arkadij"]
[Black "Anand, Viswanathan"]
[Result "0-1"]
[WhiteElo "2574"]
[BlackElo "2774"]
[Annotator "Ftacnik,L"]
[PlyCount "66"]
[EventDate "2003.07.31"]
[EventType "tourn"]
[EventRounds "10"]
[EventCountry "GER"]
[EventCategory "18"]
[SourceTitle "CBM 097"]
[Source "ChessBase"]
[SourceDate "2003.11.11"]
[SourceVersion "1"]
[SourceVersionDate "2003.11.11"]
[SourceQuality "1"]

1. e4 c5 2. Nf3 d6 3. d4 cxd4 4. Nxd4 Nf6 5. Nc3 a6 6. Bc4 e6 7. Bb3 Nbd7 8.
Bg5 Qa5 9. Qd2 Be7 10. f3 Nc5 11. O-O-O Qc7 {Anand is not hesitating to
sacrifice a tempo in order to get the main motive of counterplay with the push
b7-b5.} 12. Kb1 (12. g4 h6 13. Be3 e5 14. Nf5 Nxb3+ 15. axb3 Bxf5 16. gxf5 Rc8
17. Rhg1 $14) 12... O-O 13. h4 b5 14. a3 $6 {White was certainly not happy
about the need to calculate with b4 by the each move, opening the position in
front of the own king is even worse.} (14. g4 b4 15. Na4 Rb8 16. Qh2 Nxb3 17.
axb3 Bd7 $132) 14... Rb8 $1 15. h5 (15. g4 $5) 15... h6 (15... b4 16. axb4 Rxb4
17. Bxf6 Bxf6 18. Nd5 exd5 19. Qxb4 dxe4 20. h6 g6 21. fxe4 $14) 16. Be3 (16.
Bh4 Re8 17. g4 b4 18. axb4 Rxb4 19. Bxf6 Bxf6 20. Nd5 exd5 21. Qxb4 dxe4 $13)
16... e5 $1 17. Nf5 (17. Nde2 Nxb3 18. cxb3 b4 $1 19. axb4 Be6 20. Rc1 Qb7 21.
g4 d5 $19) 17... Bxf5 18. exf5 Nxb3 19. cxb3 b4 20. axb4 (20. Nd5 Nxd5 21. Qxd5
bxa3 22. bxa3 Rb5 23. Qd3 d5 24. a4 Rb7 $17) 20... Rxb4 {Exactly this was
never supposed to heappen, Anand has managed to open up the queenside and also
to double the white pawns on the b file.} 21. Qc2 (21. Nd5 Nxd5 22. Qxd5 Rfb8
23. Rd3 R4b5 24. Qe4 Rxb3 25. Rxb3 Rxb3 26. Qa8+ Rb8 27. Qxa6 Qc3 28. Qe2 d5
$19) 21... Qb7 22. g4 (22. Ka2 Rb8 $19) 22... Rxb3 23. g5 Rb8 $1 24. Bc1 (24.
Na4 Nd5 25. Bc1 Bxg5 26. Bxg5 Nc3+ 27. Nxc3 Rxb2+ $19) 24... hxg5 25. h6 (25.
Rd3 d5 26. h6 gxh6 27. Rxh6 Kg7 28. Rh2 d4 29. Ne4 Nxe4 30. fxe4 Rxd3 31. Qxd3
Rh8 $19) 25... Qxf3 {Black is already enjoying three spare pawns and a bonus
of an enormous pressure along the b file, the game is decided.} 26. Ka1 (26.
hxg7 Rxc3 27. Qh2 Qe4+ 28. Ka2 Nh5 29. Qxh5 Qa4+ 30. Kb1 Qc2+ 31. Ka2 Ra3+ 32.
Kxa3 Qb3#) 26... Bf8 27. hxg7 Bxg7 28. Rhg1 (28. Qh2 Qxf5 $19) 28... g4 29.
Rxd6 R3b6 30. Rd3 (30. Rxb6 Rxb6 31. Qd2 Rb8 32. Qg5 Qc6 $19) 30... Qc6 31.
Rdg3 Rb4 32. Qe2 a5 33. Qxe5 $4 {[%mdl 8192] Naiditsch was busy calculating
complicated jumps of the knight on f6, but he completely forgot about the
untypical catching of the queen in the middle of the board.} (33. Qe1 Qb7 34.
R3g2 a4 $19) 33... Re8 0-1